00306nam a2200121Ia 4500008004000000020001800040082001300058100001800071245003200089260004300121300000800164650001200172210210b1986 xxu||||| |||| 00| 0 eng d a0 582 89327 5 a423 MORL aMORT (Simon). aLongman guardian new words. aEngland.bLongman Group UK Ltd.,c1986 a219 aWords